000 00295nam a22001337a 4500
999 _c55015
_d55015
008 200204b ||||| |||| 00| 0 eng d
041 _aeng
080 _2043.3
_a043.3
082 _a043.3
100 _a0
101 _aBTH
245 _aStacioni i Trenit Prizren
_cKryeziu,E
942 _2udc
_cBK